00763nam a22001817a 4500003000200000005001700002008004100019050003100060100003100091245017700122260008500299300003300384504004100417650002300458650004700481650002900528650002400557020250120124641.0160107b xxu||||| |||| 00| 0 eng d aPHS LB 1029.G3b.D346 2015 ade Leon, Ellysa Bettina S. aThe perception on the benefits of educational games and students' engagement of grade 10 students in Southville International School and Colleges cEllysa Bettina S.de Leon aLas Piñas, Philippines :bSouthville International School and Colleges,c2015. aiii, 28 p. :bill. ;c28 cm. aIncludes bibliographical references. aEducational games. aStudent engagementvPsychological aspects. aMotivation in education. aGames in education.